Rozšírenie nástroja na analýzu údajov zo senzorov autonómnej jazdy
Saved in:
| Main Author: | |
|---|---|
| Other Authors: | |
| Format: | Manuscript Book |
| Language: | Slovak |
| Published: |
2022
|
| Subjects: | |
| Online Access: | http://is.stuba.sk/zp/portal_zp.pl?podrobnosti=155095 |
| Tags: |
No Tags, Be the first to tag this record!
|
MARC
| LEADER | 00000ntm a22000003a 4500 | ||
|---|---|---|---|
| 001 | stuzp88061 | ||
| 003 | SK-STU | ||
| 005 | 20220625210920.4 | ||
| 007 | ta | ||
| 008 | 150427s2015----xo-----f-mn---000-0-slo-d | ||
| 040 | |a STU |b slo | ||
| 041 | 0 | |a slo | |
| 100 | 1 | |a Nemšovský, Patrik |u 070400 |4 aut |U FIIT Fakulta informatiky a informačných technológií |T FIIT Ústav počítačového inžinierstva a aplikovanej informatiky |X 103068 |U I400 |Y 672 |7 103068 | |
| 242 | 0 | 1 | |a Extension of the tool for data analysis from autonomous driving sensors |y eng |
| 245 | 1 | 0 | |a Rozšírenie nástroja na analýzu údajov zo senzorov autonómnej jazdy |
| 260 | |c 2022 | ||
| 650 | 4 | |a aplikácia |2 slo | |
| 650 | 4 | |a javascript |2 slo | |
| 650 | 4 | |a GPS |2 slo | |
| 650 | 4 | |a rýchlosť pohybu |2 slo | |
| 650 | 4 | |a autonómne auto |2 slo | |
| 650 | 4 | |a autonomous car |2 eng | |
| 650 | 4 | |a application |2 eng | |
| 650 | 4 | |a javascript |2 eng | |
| 650 | 4 | |a GPS |2 eng | |
| 650 | 4 | |a velocity of movement |2 eng | |
| 700 | 1 | |a Šoltés, Lukáš |u 070400 |k Z2 |4 ths |U FIIT Fakulta informatiky a informačných technológií |T FIIT Ústav počítačového inžinierstva a aplikovanej informatiky |X 41382 |U I400 |Y 672 |7 A000041382 | |
| 856 | 4 | |u http://is.stuba.sk/zp/portal_zp.pl?podrobnosti=155095 | |